00840 2200289 4500001002100000005001500021035002000036007000300056008004100059020002200100082000800122084001400130100002200144245012600166250001100292260003600303300002700339650002600366700001300392700001700405700002300422505006100445990001100506990001100517990001100528990001100539INLIS00000000000467420191217104156 a0010-1219000126ta191217 g 0 ind  a978-979-593-711-1 a403 a403 SPE k0 aSPEARS, Richard A1 aKamus Ungkapan Sehari-hari Khas Amerika /cRichard A. Spears; penerjemah, Lie Hua; editor, Fita Riyadi, Dwinoor Bestiyani acet.15 aJakarta :bKesaint Bland,c2016 aviii, 216 hlm ;c20 cm 4aBAHASA. KAMUS AMERIKA0 aLIE, Hua0 aFITA, Riyadi0 aDWINOOR, Bestiyani aJudul asli: Common American Phrases in Everyday Contexts a7252 a a7252 b a7252 b a7252 a